00582nam a2200169 a 450000500170000000800410001701000150005802000180007305000230009110000180011424500800013226000460021230000340025850000640029252100080035665000480036420140310183541.0111011s19uu xx 00 eng d a2007932988 a9781412919661 aLC 4718b.P58 2007 aPittman, Mary aHelping children with autistic spectrum disorders to learn /cMary Pittman. aLondon : Thousand Oaks, CA :bPCP,c2007. axiv, 129 p. :bill. ;c30 cm. aIncludes bibliographical references (p. 125-126) and index. aEDU aAutistic childrenxEducationzUnited States